000 00374 a2200169 4500
001 71212
020 _a8532207006
040 _cAnchieta - Colégio São Paulo
100 _aRocha, Ruth
240 1 0 _aA árvore de Beto
_lpor
245 1 0 _aA árvore de Beto
300 _a[20p.]
362 0 _a1997
440 1 _aFTD
650 4 _aLiteratura infanto-juvenil
942 _cBK
999 _c71212
_d71212